Movies Quiz

Random Movies or Quote Quiz
Score 0/10 Timer 05:00
0 Plays Today
% Correct
The Coachman
71.4%
The Headless Horseman
70.2%
The Sheriff of Nottingham
70.2%
Ratigan
61.9%
Madam Mim
56.8%
Mcleach
56.5%
Honest John
53%
Willie the Giant
44.6%
Sykes
43.5%
Winkie
37.2%
Remove Ads.
Support Sporcle.
Get the best of Sporcle when you Go Orange. This ad-free experience offers more features, more stats, and more fun while also helping to support Sporcle. Thank you for becoming a member.

You're not logged in!

Compare scores with friends on all Sporcle quizzes.
OR
Log In

Show Comments

Extras

Top Quizzes Today


Score Distribution

Your Account Isn't Verified!

In order to create a playlist on Sporcle, you need to verify the email address you used during registration. Go to your Sporcle Settings to finish the process.

Report this User

Report this user for behavior that violates our Community Guidelines.

Details: